Using Science in Cyber Security (Record no. 60200)
[ view plain ]
| 000 -LEADER | |
|---|---|
| fixed length control field | 00497nam a22001937a 4500 |
| 005 - DATE & TIME | |
| control field | 20260202105531.0 |
| 008 - FIXED-LENGTH DATA ELEMENTS--GENERAL INFORMATION | |
| fixed length control field | 260202b |||||||| |||| 00| 0 eng d |
| 020 ## - ISBN | |
| International Standard Book Number | 9798886131277 |
| Price | 1495.00 |
| 040 ## - CATALOGING SOURCE | |
| Original cataloging agency | Doon University |
| 041 ## - Language | |
| Language | English |
| 082 ## - DDC NUMBER | |
| Classification number | 005.8 |
| Book Number | MET |
| 100 ## - MAIN ENTRY--PERSONAL NAME | |
| Personal name | Metcalf, Leigh |
| 245 ## - TITLE STATEMENT | |
| Title | Using Science in Cyber Security |
| 260 ## - PUBLICATION, DISTRIBUTION, ETC. (IMPRINT) | |
| Place of publication, distribution, etc | Singapore |
| Name of publisher, distributor, etc | World Science |
| Date of publication, distribution, etc | 2025 |
| 300 ## - PHYSICAL DESCRIPTION | |
| Pages | 291 |
| 650 ## - Subject | |
| Subject | Computer Science |
| 700 ## - Added Entry Personal Name | |
| Added Entry Personal Name | Spring, Jonathan |
| 942 ## - ADDED ENTRY ELEMENTS (KOHA) | |
| Koha item type | Books |
| 100 ## - MAIN ENTRY--PERSONAL NAME | |
| -- | 25023 |
| 700 ## - Added Entry Personal Name | |
| -- | 26158 |
| 952 ## - LOCATION AND ITEM INFORMATION (KOHA) | |
| -- | 2026-02-02 |
| 952 ## - LOCATION AND ITEM INFORMATION (KOHA) | |
| -- | 2026-02-02 |
| 952 ## - LOCATION AND ITEM INFORMATION (KOHA) | |
| -- | 2026-02-02 |
| 952 ## - LOCATION AND ITEM INFORMATION (KOHA) | |
| -- | 2026-02-02 |
| 952 ## - LOCATION AND ITEM INFORMATION (KOHA) | |
| -- | 2026-02-02 |
| Withdrawn status | Lost status | Source of classification or shelving scheme | Damaged status | Not for loan | Location (home branch) | Sublocation or collection (holding branch) | Date acquired | Koha full call number | Accession No. | Koha date last seen | Koha item type | Koha issues (times borrowed) |
|---|---|---|---|---|---|---|---|---|---|---|---|---|
| Not For Loan | Doon University | Doon University | 02.02.2026 | 005.8 MET | 51900 | 02.02.2026 | Reference | |||||
| Doon University | Doon University | 02.02.2026 | 005.8 MET | 51901 | 02.02.2026 | Books | ||||||
| Doon University | Doon University | 02.02.2026 | 005.8 MET | 51902 | 02.02.2026 | Books | ||||||
| Doon University | Doon University | 02.02.2026 | 005.8 MET | 51903 | 02.02.2026 | Books | ||||||
| Doon University | Doon University | 02.02.2026 | 005.8 MET | 51904 | 02.02.2026 | Books |